01572nam a2200409 i 450000100060000000300090000600500170001500800410003201500180007302000150009104000280010604600090013408000100014308000110015308000130016408000120017710000270018924501380021626000700035430000280042438000160045238000270046838500390049538800100053449000720054450400260061652101400064265000310078265000170081365000190083065500300084965800300087970000290090971000550093885600980099383000710109152562KOSZ 00520230119143504.0060802s2006 pl a f f |000 0 pol  aPB 2006/19736 a8371993862 aWA NcWA NdKOSZ 005/HR k2006 a005.6 a658.56 a006.3/.8 a(075.8)1 aPacana, AndrzejeAutor10aWdrażanie i auditowanie systemów zarządzania jakością zgodnych z normą ISO 9001:2000 /cAndrzej Pacana, Dorota Stadnicka. aRzeszów :bOficyna Wydawnicza Politechniki Rzeszowskiej,c2006. a184 s. :bil. ;c24 cm. aKsiążki aPublikacje dydaktyczne mPoziom nauczaniaaSzkoły wyższe a2001-1 aProjektowanie i Wdrażanie Standardowych Systemów Zarządzania. aBibliogr. s. 182-184.8 aSkrypt dla studentów Wydziału Budowy Maszyn i Rolnictwa i innych wydziałów do przedmiotów z zakresu zarządzania jakością. 4aZarządzanie jakością 4aNormalizacja 4aNormy ISO 9001 4aPodręczniki akademickie aZarządzanie i marketing1 aStadnicka, DorotaeAutor2 aOficyna Wydawnicza Politechniki Rzeszowskiej4pbl. uhttp://koha.tu.koszalin.pl/cgi-bin/koha/opac-detail.pl?biblionumber=52562yKatalog online BPK 0aProjektowanie i Wdrażanie Standardowych Systemów Zarządzania